000 00394nam a2200145Ia 4500
008 231129s2018||||xx |||||||||||||| ||spa||
020 _a978-958-48-37196
040 _bspa
082 _aCo863 J61p
100 _aJiménez Gil Alejandro
245 0 _aPor una cabeza
260 _c2018
264 _aBogotá Colombia : Klepsidra Editores
942 _2ddc
_cBKS
999 _c23078
_d23078